000 00337 a2200157 4500
001 68792
020 _a8574882097
040 _cAnchieta - Itaigara
240 1 0 _aClássicos para sonhar
_lpor
245 1 0 _aClássicos para sonhar
300 _a122
362 0 _a0
440 1 _aGirassol
650 4 _aLiteratura infantil
942 _cBK
999 _c68792
_d68792